| 000 | 01061nam a2200265 a 4500 | ||
|---|---|---|---|
| 001 | 40302 | ||
| 003 | BD-RjUL | ||
| 005 | 20211209053204.0 | ||
| 008 | 160428s1972 bg a|||| |||| 00| 0 ben d | ||
| 020 | _c: TK 16.00 | ||
| 035 | _a(BD-RjUL)40417 | ||
| 040 |
_aBD-RjUL _bben _cBD-RjUL |
||
| 041 | _aben | ||
| 082 |
_223 _a891.4408 _bRAL 1972 |
||
| 100 |
_aরহমান, মোহাম্মদ লুতফর _9124175 |
||
| 245 | 1 | 0 |
_aলুতফর রহমান রচনাবলী / _cমোহাম্মদ লুতফর রহমান ; আবদুল কাদির সম্পদিত |
| 250 | _a১ম সং. | ||
| 260 |
_aঢাকা : _bবাংলা একাডেমী, _c১৯৭২ |
||
| 300 |
_a খণ্ড ; _c২১ সেমি. |
||
| 505 | 1 | _aখণ্ড ১ -- | |
| 650 |
_aবাংলা সাহিত্য _9124176 _xসংগ্রহ |
||
| 650 |
_aBengali Literature _9124177 _xCollection |
||
| 700 |
_aকাদির, আবদুল, সম্পদিত _9124178 |
||
| 942 |
_2ddc _cBK |
||
| 999 |
_c40302 _d40302 |
||